000 00685nam a2200241 i 4500
001 C2-0237267
003 PPAK
005 20180727200823.0
008 011208s1995 io |||| ||||| | may d
020 _a979459511X
040 _aPPAK
_beng
_cPPAK
_erda
082 0 4 _a499.25345
_223
090 0 0 _a499.25345
_bSIS
_dKIH
245 0 0 _aSistem morfologi nomina bahasa Muna
264 1 _aJakarta, Indonesia :
_bPusat Pembinaan Dan Pengembangan Bahasa ,
_c1995
300 _axii, 65 pages ;
_c21 cm
336 _2rdacontent
_atext
337 _2rdamedia
_aunmediated
338 _2rdacarrier
_avolume
500 _aBibl.: 64-65
650 1 0 _aMuna language - morfology
942 _ddc
_cB
999 _c52951
_d52951